000
00236nam a22001097a 4500
008
160510b xxu||||| |||| 00| 0 eng d
020
_a
0072396814
041
_a
eng
080
_a
54
245
_a
Chemistry:
_c
Silberberg;
942
_2
udc
_c
BK
999
_c
1943
_d
1943